Východná - programový plagát propagačný plagát

Bibliographic Details
Format: Photo
Language:Slovak
PhysicalDescription:1 plagát farebný; biely podklad a modro-oranžové textové informácie 86 x 61 cm
Published: Bratislava Ministerstvo kultúry SSR 1988 - júl
Subjects:

MARC

LEADER 00000nkm a2200000 a 4500
001 vtls011775164
003 SK-MaSNL
005 20260426020029.0
007 kf bo
008 240409s1997 xo g kuslo
035 |a urn:nbn:sk:snk-km00ec6p 
035 |a urn:nbn:sk:snk-km43ezj 
035 |a 0C1BDC99-2D3D-4EAC-93BE-E62C7A2FD24D 
040 |a SNK  |b slo  |c SNK  |e AACR2 
041 0 |a slo 
043 |a e-xo--- 
044 |a xo  |c SK 
072 7 |a 394  |x Verejný a spoločenský život. Každodenný život  |2 konspekt 
080 |a 394.46  |2 2011 
080 |a (084.5)  |2 2011 
245 0 0 |a Východná - programový plagát  |b propagačný plagát  |h grafika 
246 3 |a Východná - XXXIV. folklórny festival 
260 |a Bratislava  |b Ministerstvo kultúry SSR  |c 1988 - júl 
300 |a 1 plagát  |b farebný; biely podklad a modro-oranžové textové informácie  |c 86 x 61 cm 
648 7 |a 1896-1996  |2 SNKPH  |9 286313 
650 0 7 |a folklór  |2 SNKPH  |9 19213 
651 7 |a Slovensko  |2 SNKPH  |9 14231 
655 7 |a plagáty  |2 SNKPH  |9 70571 
852 |a Slovenská národná knižnica v Martine 
958 |a CP 
958 |a GBN 
999 |c 1200539  |d 1202469 
952 |a SNKLM  |b SNKLM  |c SNKLM_ST  |y NEVYP  |7 1  |p 17A1261899  |o snklm L 1521  |i snklm 132/88  |8 7  |0 0  |1 0  |4 0  |d 2018-08-30  |f 1  |l 0  |r 2026-02-24 22:40:40  |w 2026-02-24